000 00977cam a2200241 i 4500
003 SA-RiAUC
005 20251102130219.0
008 251031s1962 ||| g l 000r0 ara c
040 _aSA-RiAUC
_bara
_cSA-RiAUC
_erda
043 _aa-su---
082 0 4 _a344.531052
090 _a344.531052
_bس ع و
110 1 _aالسعودية.
_bمديرية الأمن العام
_eمؤلف.
245 1 0 _aنظام مديرية الأمن العام بالمملكة العربية السعودية /
_cمديرية الأمن العام، وزارة الداخلية.
264 1 _a[مكان النشر غير محدد] :
_bمديرية الأمن العام،
_c1962
300 _a75 صفحة ؛
_c24 سم
336 _aنص
_btxt
_2rdacontent
_3كتاب
337 _aبدون وسيط
_bn
_2rdamedia
338 _aمجلد
_bnc
_2rdacarrier
650 7 _aالأمن الداخلي
_zالسعودية
_2aucsh
942 _2ddc
_cBOOK
_n0
949 _aSA-JeALM
_d251031
_umohamedma123
_n1
999 _c12925
_d12925